• 首页
  • 本馆介绍
  • 公告通知
  • 最新文献
  • 馆藏检索
  • 电子资源
  • 读者导购
  • 参考咨询
  • 我的图书馆
  • 登录
  • 详细信息显示
  • 放入我的书架
  • 预约/预借图书
  • 作者相关作品
  • 分类相关作品
  • 丛书相关作品
  • 出版社相关作品

书目信息

  • 表格格式
  • 工作单格式
  • 卡片格式
题名:
数据库系统导论
    
 
作者: 徐洁磐 , 王银根 编著
分册:  
出版信息: 重庆   科学技术文献出版社重庆分社  1989.12
页数: 298页
开本: 19cm
丛书名: 计算机科学与技术丛书
单 册:
中图分类: TP392
科图分类: 73.879
主题词: 数据库
电子资源:
ISBN: 7-5023-1032-0
000 00952oam2 2200289 450
001 0190025151
005 20100712224106.0
010    @a7-5023-1032-0@dCNY3.40
011    @a7-5023-1032-0
100    @a19921223d1989 em y0chiy0110 ea
101 0  @achi
102    @aCN@b510000
105    @ay z 000yy
106    @ar
200 1  @a数据库系统导论@9Shu;Shuo Ju Ku Xi;Ji Tong Dao Lun @f徐洁磐,王银根编著
210    @a重庆@c科学技术文献出版社重庆分社@d1989.12
215    @a298页@d19cm
225 2  @a计算机科学与技术丛书
330    @a本书共11章,较全面地介绍了数据库系统的各方面知识,重点突出关系数据库,包括关系模型系统、关系数据库管理系统等,引入和介绍了数据库设计与数据库管理的概念。
461  0 @12001 @a计算机科学与技术丛书
606 0  @a数据库
690    @aTP392@v三版
692    @a73.879
701  0 @a徐洁磐@9xu jie pan@4编著
701  0 @a王银根@9wang yin gen@4编著
801  0 @aCN@b91MARC@c20130904
905    @aBZT@dTP392@e55@f1@sTP392/55
    
    数据库系统导论/徐洁磐,王银根编著.-重庆:科学技术文献出版社重庆分社,1989.12
    298页;19cm.-(计算机科学与技术丛书)
    
    
    ISBN 7-5023-1032-0:CNY3.40
    本书共11章,较全面地介绍了数据库系统的各方面知识,重点突出关系数据库,包括关系模型系统、关系数据库管理系统等,引入和介绍了数据库设计与数据库管理的概念。
●
相关链接 在五车中查询图书 在当当中查询图书 在豆瓣中查询图书


正题名:数据库系统导论     索取号:TP392/55         预约/预借

序号 登录号 条形码 馆藏地/架位号 状态 备注
1 2000148250   2000148250   旧书回溯/ [索取号:TP392/55] 在馆    
山东省滨州职业学院图书馆 欢迎您!
大连网信软件有限公司© 版权所有